Babies Named for State Capitals Quiz Stats

Quiz Updated Apr 11, 2013

Challenge
Share
Tweet
Embed
Score 0/22 Timer 03:00
6 Plays Today
Boys Given That Name State Capital % Correct
6,979Austin (Texas)
81.4%
723Phoenix (Arizona)
64.8%
0*Albany (New York)
63.6%
0*Atlanta (Georgia)
61.5%
12,277Jackson (Mississippi)
59.6%
140Denver (Colorado)
58.8%
452Boston (Massachusetts)
58.2%
0*Helena (Montana)
57.3%
49Madison (Wisconsin)
56.8%
0*Augusta (Maine)
55.7%
196Pierre (South Dakota)
52.7%
Boys Given That Name State Capital % Correct
88Raleigh (North Carolina)
52.1%
9Columbus (Ohio)
52.1%
57Salem (Oregon)
49.7%
0*Olympia (Washington)
49.7%
2,145Lincoln (Nebraska)
47.9%
10Cheyenne (Wyoming)
45.6%
23Richmond (Virginia)
41.8%
1,611Trenton (New Jersey)
40.8%
51Charleston (West Virginia)
38.2%
70Montgomery (Alabama)
36.9%
0*Providence (Rhode Island)
30%

You're not logged in!

Compare scores with friends on all Sporcle quizzes.
Join for Free
OR
Log In

You Might Also Like...

Show Comments

Extras

Top Quizzes Today


Score Distribution

Your Account Isn't Verified!

In order to create a playlist on Sporcle, you need to verify the email address you used during registration. Go to your Sporcle Settings to finish the process.

Report this User

Report this user for behavior that violates our Community Guidelines.

Details: